Fatih Sultan Mehmet - Statistics

General Stats
  • This quiz has been taken 769 times
  • The average score is 4 of 15
Answer Stats
Hint Answer % Correct
İstanbul hangi tarihte fethedildi 29 Mayıs 1453
98%
2.Mehmed'in İstanbul'u fethettikten sonra aldığı unvan Fatih / Fetihlerin babası
62%
Fatih Sultan Mehmet'in fethettiği ilk şehir Konstantiniyye
53%
1480 yılında sefer düzenleyerek fethettiği İtalya limanı Otranto
23%
Şiirlerinde kullandığı mahlas Avni
22%
1461 yılında Fatih Sultan Mehmet hangi devletin varlığına son vermiştir. Pontus Rum Devleti
21%
Rum Diyarının efendisi anlamındaki unvanı Kayser-i Rum
18%
Kanunlarına verilen ad Fatih Kanunnamesi
14%
1479 yılında Sultan Mehmed'in fethettiği devlet Arnavutluk
13%
1460 yılında Sultan hangi devleti fethetmiştir Mora Despotluğu
13%
1463-1464 yılları arasında Fatih Sultan Mehmet tarafından fethedilen devlet Bosna Hersek
12%
İki denizin hakanı anlamındaki unvanı Hakan-ul Bahreyn
6%
İstanbul'u Sultan Mehmet'e karşı müdafaa eden Bizans İmparatoru 11. Konstantinos
5%
İki karanın sultanı anlamındaki unvanı Sultan-ul Berreyn
4%
Çağ açıp kapattığı için verilen unvan Çağ Açan Hükümdar
3%
No matching quizzes found
Score Distribution
Percent of People with Each Score
Percentile by Number Answered
Your Score History
You have not taken this quiz